000 00691nam a2200169Ia 4500
008 090201s9999 xx 000 0 und d
010 _aKPL-60492
040 _bमराठी
041 _aमराठी
082 _a2178
_b60492
100 _aश्रीरंग संगोराम
245 _aगानयोगी शिवपुत्र पंढरीनाथ कोल्हापुरे
_cश्रीरंग संगोराम
260 _c2004
_bराजंहस प्रकाशन
300 _a202
_bमोठा
600 _aगानयोगी शिवपुत्र पंढरीनाथ कोल्हापुरे
942 _cBOOK
999 _c203264
_d203264